Statistieken voor Gebieden in Risk

Klik hier om de quiz te nemen!

Algemene statistieken

  • Deze quiz is 35 keer genomen
  • De gemiddelde score is 23 van 42

Antwoorden op de kaart

Antwoorden kleurgecodeerd door een groen-rode schaal op de quizkaart volgens % correct hieronder.
 

Antwoordstatistieken

ContinentPlace% Correct
Zuid-AmerikaBrazilië
91%
Noord-AmerikaGroenland
88%
EuropaIJsland
88%
AziëIndia
88%
AziëJapan
85%
Zuid-AmerikaArgentinië
82%
AziëChina
82%
EuropaScandinavië
82%
Noord-AmerikaAlaska
79%
OceaniëIndonesië
79%
AfrikaZuid-Afrika
79%
AfrikaMadagaskar
76%
Zuid-AmerikaPeru
76%
Zuid-AmerikaVenezuela
70%
AfrikaEgypte
64%
EuropaGroot-Brittannië
64%
EuropaWest-Europa
64%
EuropaZuid-Europa
64%
AfrikaOost-Afrika
61%
OceaniëOost-Australië
61%
OceaniëWest-Australië
61%
EuropaNoord-Europa
58%
AziëMidden-Oosten
55%
AfrikaNoord-Afrika
52%
AziëSiberië
48%
Noord-AmerikaQuebec
45%
AziëMongolië
39%
OceaniëNieuw Guinea
39%
Noord-AmerikaAlberta
36%
Noord-AmerikaCentraal-Amerika
33%
AziëOeral
33%
Noord-AmerikaOntario
33%
Noord-AmerikaOostelijke Verenigde Staten
33%
Noord-AmerikaWestelijke Verenigde Staten
33%
AziëJakoetsk
27%
AziëKamtsjatka
27%
AfrikaCongo
24%
AziëAfghanistan
18%
AziëIrkoetsk
15%
AziëVietnam
12%
Noord-AmerikaNoordwestelijk Territorium
6%
EuropaOekraïne
6%

Scoreverdeling

Percentiel versus Aantal Correcte Antwoorden

Procent van Mensen met Elke Score

Uw Scoregeschiedenis

U heeft deze quiz nog niet genomen